000 00293nam a2200121Ia 4500
008 191201s2009 xx 000 0 und d
100 _aKUMAR, Arun
245 0 _aMarketing Management MBA 2.22 DE SEM-2
260 _aN. Delhi
_bVikas Pub
_c2009
300 _a332
650 _aMBA
942 _2ddc
_cBK
999 _c277
_d277